000 00346nam a2200109Ia 4500
008 200302s9999 xx 000 0 und d
100 _aBalkrishna Doshi
245 _aLe Corbusier and Louis I Kahn The Acrobat and the Yogi of Architecture
260 _bVastu-Shilpa Foundation for Studies & Research
260 _c2012
300 _a61 P.,
999 _c3203
_d3203